000 00729nam a2200265Ia 4500
003 OSt
005 20221006160259.0
006 a|||||r|||| 00| 0
007 ta
008 221006b |||||||| |||| 00| 0 eng d
020 _a9781624120008
_c
_19.00
024 _a44,813
037 _bgift, Window on Korea
_cTextual
040 _aEASL
_cEASL
_beng
041 _2eng
_aeng
082 _aU8.495, Q2
100 _aBarnet Beverlee
_9672780
245 0 _aCamping in Korean national parks
260 _aSeoul
_bSeoul Selection Korea
_c2012
300 _a208p.
_ccm.
490 _v KEL
650 _aKEL
942 _hU8.495, Q2
_cTEXL
_2CC
999 _c1112905
_d1112905